| 000 | 00754nam a2200205Ia 4500 | ||
|---|---|---|---|
| 003 | GCL | ||
| 008 | 140319s9999 xx 000 0 ara d | ||
| 040 |
_aGCL / _cGCL |
||
| 082 | 0 | 4 |
_a621.38933 _bف ا |
| 100 | 1 | _aفاروق محمد العامرى | |
| 245 | 1 | 0 |
_aاصلاح اعطال اجهزة الهاى فاى والاستريو = HIGH FIDELITY (HI- FI) SOUND EQUIPMENT / _cفاروق محمد العامرى |
| 250 | _aالثانية | ||
| 260 |
_aالقاهرة : _bالدار المصرية اللبنانية ، _c1991 |
||
| 300 |
_a132 ص ؛ _c24 سم |
||
| 490 |
_aموسوعة العامرى للالكترونيات _v19 |
||
| 650 | 0 | 4 | _aالصيانة |
| 650 | 0 | 4 | _aالاستريو |
| 650 | 0 | 4 | _aالهاى فاى |
| 942 |
_2ddc _cBK |
||
| 999 |
_c34855 _d34855 |
||